00590nam a22001817a 450000500170000001000130001702000260003003500130005603700090006908200080007810000150008624500470010126000380014827001150018630000230030150000670032470000170039120211007112127.0 aB-741712 a9789353793067c400.00 aB-741712 aGift a485 aDharamdeep aM.E.G.-4,Aspects Of Language /cDharamdeep a DelhibNeeraj Publicationsc202? a1507,Ist Floor,Nai Sarakb Delhie110006k011-23260329,45704411, 23244362, 23285501minfo@neerajignoubooks.com a316p. c24cm(pbk)  aI.G.N.O.U. Based Queation Bank Cum Chapterwise Reference Book aMangla, N.K.